Normal view
MARC view
- Mehmood, Mulana Sanu ullah
Entry Personal Name
001 - CONTROL NUMBER
- control field: 51130
003 - CONTROL NUMBER IDENTIFIER
- control field: NUST
005 - DATE AND TIME OF LATEST TRANSACTION
- control field: 20210314134920.0
008 - FIXED-LENGTH DATA ELEMENTS
- fixed length control field: 210314|| aca||aabn | a|a d
040 ## - CATALOGING SOURCE
- Original cataloging agency: NUST
- Transcribing agency: NUST
100 ## - HEADING--PERSONAL NAME
- Personal name: Mehmood, Mulana Sanu ullah
670 ## - SOURCE DATA FOUND
- Source citation: Work cat.: (NUST): Mehmood, Mulana Sanu ullah, صحابہ رضی اللہ عنہم کے سوالات آنحضرت صلی اللہ علیہ و آلہ وسلم کے جوابات, 2000.
